000 00197 a2200109 4500
020 _a7509997090412
041 _aspa
100 _aAnonimo
245 _aBatman Eternal
942 _cBK
952 _71
999 _c18367
_d18367